Responses for Show #2114 - Thursday, November 11, 1993

1993 Celebrity Jeopardy! game 4.

Contestants

[<< previous game]

Jay Thomas, an Emmy Award winner from Love and War

Tabitha Soren, a news reporter and anchor from MTV

Jerry Orbach, a Tony Award winner and TV star from Law & Order

[next game >>]

Jeopardy! Round responses

THE 20th CENTURY
PEOPLE
ROCK MUSIC
TRAVEL
POTENT POTABLES
PROVERBS
    $100 25
the Panama Canal

Jerry
    $100 6
Bud Abbott

Jay
    $100 13
The Miracles

Jay
    $100 12
the Bastille

Jay
    $100 1
Kentucky

Jerry
    $100 11
blood

Jay
    $200 26
(Tabitha: What is... what is Germany?)

Japan

JerryTabitha
    $200 7
[Jay can't help but laugh at the name.]

Ralph Lauren

Jerry
    $200 14
Chuck Berry

Jerry
    $200 15
(Jerry: What is high tea or afternoon tea?)
...
(Alex: Jerry, you added some information that made it incorrect. "High tea" is around 6 o'clock, so that's the part that was incorrect.)

tea time

JerryTabitha
    $200 2
Vodka

Jerry
    $200 18
policy

Jerry
    $300 27
China

Jerry
    $300 8
Wolfgang Puck

Jerry
    $300 16
(Jerry: Oh, it just went right out of my head.)
(Tabitha: Who is Jimmy Buffett?)

Phil Collins

JerryTabitha
Triple Stumper
    $300 22
Las Vegas

Jerry
    $300 3
Canada

Jay
    $300 19
a heart

Jerry
    $400 28
"Segregation"

Jerry
    $500 9
Sally Ride

Jerry
    $400 17
Billy Joel

Jerry
    $400 23
India

Jerry
    $400 4
champagne

Jay
    $400 20
"springs eternal"

Jay
    $500 29
(Jay: What is the abonible snowman? Am I saying it right?)
(Alex: Not quite.)
[Jay makes a number of further attempts at pronunciation. Alex gives it to him.]

the abominable snowman (yeti)

Jay
    $500 10
James Galway

Jerry
    $500 30
Janis Joplin

Jerry
    $500 24
(Jay: What is the Sea of Cortez?)

the Caribbean

JerryJay
    $500 5
chocolate

Triple Stumper
    $500 21
fish

Jerry

Scores at the first commercial break (after clue 12):

Jerry Tabitha Jay
$1,800 $0 $1,000

Scores at the end of the Jeopardy! Round:

Jerry Tabitha Jay
$5,600 -$300 $1,500

Double Jeopardy! Round responses

U.S. GEOGRAPHY
TV ACTORS & ROLES
PLAYWRIGHTS
PHOBIAS
BALLET
MOVIE QUOTES
    $200 12
the Mississippi River

Tabitha
    $200 1
(Jay: He just died... Who is... [*]?)
(Alex: And I'll say you got it in in the nick of time.)
(Jay: He gave me that from up above.)

Chuck Connors

Jay
    $200 4
Neil Simon

Jerry
    $200 19
(Jay: What is the fear of... of... antelopes?)

the fear of floods

TabithaJay
    $200 9
Citizen Kane

Jay
    $400 13
(Jerry: What is the Okefenokee Swamp?)
(Tabitha: What is the...?)
[After Tabitha misses, Alex goes to Jay, who responds without ringing in.]

the Everglades

JerryTabithaJay
    $400 2
(Jay: Who is [*] Jr., [*] the younger...)
(Alex: Just [*].)

Lucie Arnaz

Jay
    $400 5
George Bernard Shaw

Jerry
    $400 20
(Tabitha: Who is afraid of not [*]?)

sleeping

Tabitha
    $400 10
The Hustler

Jerry
    $600 14
Lake Mead

Tabitha
    $600 3
Northern Exposure

Jerry
    $600 6
Sam Shepard

Jerry
    $600 21
(Tabitha: What is procrastination?)
...
[The end-of-round signal sounds.]

time

TabithaJay
    $600 11
Lauren Bacall

Tabitha
    $800 15
(Jay: What is Delaware?)

New Hampshire

TabithaJay
    $800 7
Eugene O'Neill

Jerry
    $800 17
Network

Jerry
    $500 16
[After her correct response, Tabitha throws a little trash talk Jay's way.]
(Alex: We have less than a minute to go in the round.)

Mount St. Helens

Tabitha
    $2,000 8
Anton Chekhov

Jerry
    $1000 18
Cat on a Hot Tin Roof

Jerry

Scores at the end of the Double Jeopardy! Round:

Jerry Tabitha Jay
$12,000 $2,000 $2,300
(lock game)

[wagering suggestions for these scores]

Final Jeopardy! Round responses

CLASSICAL LITERATURE
TabithaWho is
$1,000
JayWho is Jay Thom
$1,000
JerryWho is Androcles?
$5,000
Androcles

Final scores:

Jerry Tabitha Jay
$17,000 $1,000 $1,300
Winner: $34,000 to charity (doubled as the week's high scorer) 3rd place: $10,000 to charity 2nd place: $10,000 to charity

Game dynamics:

Coryat scores:

Jerry Tabitha Jay
$10,900 $2,500 $2,300
28 R
(including 2 DDs),
3 W
8 R
(including 1 DD),
4 W
13 R,
3 W

Combined Coryat: $15,700

[game clues] [game scores] [suggest correction]

Game tape date: 1993-10-17
The J! Archive is created by fans, for fans. Scraping, republication, monetization, and malicious use prohibited; this site may use cookies and collect identifying information. See terms. The Jeopardy! game show and all elements thereof, including but not limited to copyright and trademark thereto, are the property of Jeopardy Productions, Inc. and are protected under law. This website is not affiliated with, sponsored by, or operated by Jeopardy Productions, Inc. Join the discussion at JBoard.tv.